Представление документа в формате MARC21

Поле Инд. ПП Название Значение
Тип записи a
Библиографический уровень b
001 Контрольный номер RU/IS/BASE/290093607
005 Дата корректировки 20200625183925.4
008 Кодируемые данные 20090311
040 b Код языка каталог. rus
e Правила каталог. PSBO
041 0_ a Код языка текста rus
084 a Индекс другой классификации/Индекс ББК 81.472.21-2-03; 81.472.22-2-03
100 1_ a Автор Кистерева М. Э.
245 10 a Заглавие О роли грамматического примера в описании языка
b Продолж. заглавия (некоторые аспекты изучения первых португальских и испанских грамматик)
504 a Библиография Библиогр. - Примеч.: с. 188 - 192
650 04 a Основная рубрика грамматика
a Основная рубрика филологические науки
a Основная рубрика частное языкознание
a Основная рубрика языкознание
a Основная рубрика история языка
653 0_ a Ключевые слова грамматические примеры
a Ключевые слова испанский язык
a Ключевые слова описание языка
a Ключевые слова португальский язык
a Ключевые слова романские языки
a Ключевые слова части речи
773 08 t Заглавие источника Вестник Московского университета. Серия 9, Филология
d Дата издания источника 2008
g Прочая информация № 5. - С. 182 - 192
w Контрольный № источника RU/IS/BASE/288361571
901 t Тип документа b